Statistics for Britain's Top 50 Favourtie Books

Click here to take the quiz!

General Stats

  • This quiz has been taken 1,324 times
    (1,309 since last reset)
  • The average score is 26 of 50

Answer Stats

RankBookAuthor% Correct
23Harry Potter and the Chamber Of SecretsJK Rowling
97%
5Harry Potter and The Goblet Of FireJK Rowling
97%
22Harry Potter and The Philosopher's StoneJK Rowling
97%
24Harry Potter and the Prisoner Of AzkabanJK Rowling
97%
1The Lord Of The RingsJRR Tolkien
94%
2Pride and PrejudiceJane Austen
93%
8Nineteen Eighty FourGeorge Orwell
90%
6To Kill A MockingbirdHarper Lee
83%
12Wuthering HeightsEmily Bronte
78%
30Alice's Adventures In WonderlandLewis Caroll
77%
25The HobbitJRR Tolkien
77%
18Little WomenLouisa May Alcott
74%
9The Lion, The Witch And The WardrobeCS Lewis
74%
10Jane EyreCharlotte Bronte
72%
20War and PeaceLeo Tolstoy
72%
46Animal FarmGeorge Orwell
70%
17Great ExpectationsCharles Dickens
70%
7Winnie the PoohAA Milne
69%
15Catcher in the RyeJD Salinger
68%
40EmmaJane Austen
65%
35Charlie and the Chocolate FactoryRoald Dahl
63%
43The Great GatsbyF Scott Fitzgerald
61%
29The Grapes Of WrathJohn Steinbeck
57%
36Treasure IslandRobert Louis Stevenson
57%
11Catch 22Joseph Heller
56%
14RebeccaDaphne Du Maurier
56%
47A Christmas CarolCharles Dickens
55%
4The Hitchhiker's Guide To The GalaxyDouglas Adams
54%
3His Dark MaterialsPhilip Pullman
47%
21Gone WIth the WindMargaret Mitchell
44%
16Wind in the WillowsKenneth Grahame
41%
34David CopperfieldCharles Dickens
36%
27MiddlemarchGeorge Eliot
34%
13BirdsongSebastian Faulks
27%
39DuneFrank Herbert
26%
42Watership DownRichard Adams
26%
38PersuasionJane Austen
25%
26Tess Of The D'UrbervillesThomas Hardy
25%
41Anne of Green GablesLM Montgomery
24%
31The Story Of Tracy BeakerJacqueline Wilson
23%
32One Hundred Years Of SolitudeGabriel Garcia Marquez
22%
45Brideshead RevisitedEvelyn Waugh
19%
19Captain Corelli's MandolinLouis De Bernieres
19%
48Far from the Madding CrowdThomas Hardy
19%
44The Count Of Monte CristoAlexandre Dumas
19%
33The Pillars Of The EarthKen Follett
12%
37A Town Like AliceNevil Shute
9%
28A Prayer For Owen MeanyJohn Irving
4%
50The Shell SeekersRosamunde Pilcher
3%
49Goodnight Mr TomMichelle Magorian
2%

Score Distribution

Percentile by Number Answered

Percent of People with Each Score

Your Score History

You have not taken this quiz since the last reset